AH International Schools' Libraries

T. Veg: The Story of a Carrot-Crunching Dinosaur / (Record no. 49542)

MARC details
000 -LEADER
fixed length control field 01253nam a2200157 4500
020 ## - INTERNATIONAL STANDARD BOOK NUMBER
International Standard Book Number 9781847809803
020 ## - INTERNATIONAL STANDARD BOOK NUMBER
International Standard Book Number 978-1419724947
100 ## - MAIN ENTRY--PERSONAL NAME
Personal name Prasadam-Halls, Smriti,
Relator term author.
9 (RLIN) 86674
245 ## - TITLE STATEMENT
Title T. Veg: The Story of a Carrot-Crunching Dinosaur /
Remainder of title by Smriti Prasadam-Halls, Illustrated by Katherina Manolessou.
260 ## - PUBLICATION, DISTRIBUTION, ETC. (IMPRINT)
Place of publication, distribution, etc London ;
Name of publisher, distributor, etc Abrams Books for Young Readers :
Date of publication, distribution, etc May 2, 2017.
300 ## - PHYSICAL DESCRIPTION
Extent 9.5 x 0.38 x 10.75 inches.
Dimensions 32 pages.
500 ## - GENERAL NOTE
General note Reginald’s a T. Rex just as fierce and ferocious as the rest: He’s got a mighty roar, gnashing teeth, and all the speed a dino could need. But when it comes to mealtime, Reg would rather chow down on broccoli, beans, and greens than the juicy steaks his paleo pals prefer.<br/><br/>When Reginald realizes how different he is from the others, he hopes to find a place to fit in among the herbivores. He excitedly strikes out in search of a new herd, only to scare away the other dinosaurs as he charges to greet them. But when a falling boulder threatens the safety of Reg’s old T. Rex clan, he’ll show everyone what only a strong, vegetarian Tyrannosaurus rex can do.<br/>
650 ## - SUBJECT ADDED ENTRY--TOPICAL TERM
9 (RLIN) 70114
Topical term or geographic name as entry element Vegetables
Form subdivision Juvenile fiction.
650 ## - SUBJECT ADDED ENTRY--TOPICAL TERM
9 (RLIN) 3125
Topical term or geographic name as entry element Dinosaurs
General subdivision Juvenile literature.
942 ## - ADDED ENTRY ELEMENTS (KOHA)
Source of classification or shelving scheme
Koha item type Book
Holdings
Withdrawn status Lost status Source of classification or shelving scheme Damaged status Not for loan Home library Current library Date acquired Total Checkouts Full call number Barcode Date last seen Date checked out Price effective from Koha item type
          Logos International School Logos International School 09/10/2025 1 E PRA 042981 09/15/2025 09/15/2025 09/10/2025 Book

For any Logos Library related questions please contact Miss Art at swongnarasuk@asianhope.org.

For any Asian Hope Library related questions please contact Miss Raza at graza@asianhope.org.

Click here to explore our ebooks!

Powered by Koha